| 000 | 02384nam1a2200337 i 4500 | ||
|---|---|---|---|
| 001 | RU\NLR\bibl\1295999 | ||
| 005 | 20260407185316.0 | ||
| 035 | _a(NLR Aleph) 001281624 | ||
| 090 |
_a502679 _c502679 |
||
| 100 | _a20081119g20089999u y0rusy50 ca | ||
| 101 | 0 | _arus | |
| 102 | _aRU | ||
| 105 | _a||||z ||||| | ||
| 200 | 1 |
_aПроектирование федеральных государственных образовательных стандартов и образовательных программ высшего профессионального образования на компетентностной основе _eматериалы XVlll Всероссийской научно-методической конференции "Проектирование федеральных государственных образовательных стандартов и образовательных программ высшего профессионального образования на компетентностной основе" |
|
| 210 |
_aМосква _aУфа _cИсследовательский центр проблем качества подготовки специалистов _d2008 |
||
| 215 | _d21 | ||
| 225 | 1 | _aПроблемы качества образования | |
| 300 | _aВ надзаг.: Федер. агентство по образованию, Исслед. центр проблем качества подгот. специал. Моск. гос. ин-та стали и сплавов (технол. ун-та), Уфим. гос. авиацион. тех. ун-т | ||
| 463 | 0 | _10011258400 | |
| 463 | 0 | _10011258379 | |
| 463 | 0 | _10011259219 | |
| 463 | 0 | _10011339252 | |
| 606 | 1 |
_aВысшее образование _jСъезды, совещания и т.п. _xОбразовательные стандарты _yРоссийская Федерация _91746714 _3RU\NLR\auth\661077868 |
|
| 686 | _aЧ484(2Р)я431 | ||
| 686 | _aЧ481.211я431 | ||
| 711 | 1 | 2 |
_a"Проблемы качества образования", всероссийская научно-методическая конференция _d18 _f2008 _eМосква/Уфа _3RU\NLR\AUTH\8810121649 _9741418 |
| 801 | 0 |
_aRU _bNLR _c20081119 _gRCR |
|
| 801 | 1 |
_aRU _bNLR _c20081119 |
|
| 852 |
_aNLR _j2008-4/13422 |
||
| 942 | _cBOOK | ||